000 00659nam a2200241 i 4500
001 C2-0221938
003 PPAK
005 20180728151317.0
008 991205s1997 my a|||| ||||| | eng d
020 _a9831160088
040 _aPPAK
_beng
_cPPAK
_erda
082 0 4 _a823
_223
090 0 0 _a823
_bPYL
_dK
100 1 _aPylo, Howard,
_eauthor
245 1 4 _aThe adventures of Robin Hood
264 1 _aAmpang, Selangor :
_bSunshine ,
_c1997
300 _a128 pages :
_billustrations ;
_c17 cm
336 _2rdacontent
_atext
337 _2rdamedia
_aunmediated
338 _2rdacarrier
_avolume
650 1 0 _aChildren's stories, English
942 _ddc
_cB
999 _c143423
_d143423